| 000 | 00532nam a2200181Ia 4500 | ||
|---|---|---|---|
| 008 | 230711s9999||||xx |||||||||||||| ||und|| | ||
| 020 | _a978-81-203-4050-3 | ||
| 041 | _aENG | ||
| 082 |
_a621.31921 _bCH-R |
||
| 100 | _aChakrabarti,Abhijit | ||
| 245 | 3 | _aAn Introduction to Reactive Power Control and Voltage Stability in Power Transmission Systems | |
| 250 | _a3rd Ed. | ||
| 260 |
_c2010 _aNew Delhi _bPHI Learning Private Limited |
||
| 300 | _a259p. | ||
| 650 | _aElectrical Engineering | ||
| 700 | _aKothari,D.P | ||
| 942 | _cBK | ||
| 999 |
_c6946 _d6946 |
||